El Transporte Marítimo en Centroamérica: su incidencia en la estructura económica regional /
Estudia la importancia del comercio, marítimo en Centroamérica y posibilidades de ampliación./ACM
Uloženo v:
| Hlavní autor: | |
|---|---|
| Médium: | Diplomová práce |
| Vydáno: |
Guatemala:
Universidad de San Carlos de Guatemala
|
| Témata: | |
| Tagy: |
Přidat tag
Žádné tagy, Buďte první, kdo vytvoří štítek k tomuto záznamu!
|
MARC
| LEADER | 00000 a a2200000 04500 | ||
|---|---|---|---|
| 001 | 19757 | ||
| 003 | |||
| 040 | |a CRAI/IIS |c CRAI/IIS | ||
| 090 | |a 07952.00 | ||
| 100 | |a Estrada Gálvez, Eduardo Adolfo | ||
| 245 | |a El Transporte Marítimo en Centroamérica: |b su incidencia en la estructura económica regional / |c Eduardo Adolfo Estrada Gálvez | ||
| 260 | |a Guatemala: |b Universidad de San Carlos de Guatemala | ||
| 300 | |a 110 p | ||
| 502 | |a Tesis (Licenciado en Economía) -- Universidad de San Carlos de Guatemala. Facultad de Ciencias Económicas | ||
| 520 | |a Estudia la importancia del comercio, marítimo en Centroamérica y posibilidades de ampliación./ACM | ||
| 650 | |a CENTROAMERICA | ||
| 650 | |a TRANSPORTE MARITIMO | ||
| 650 | |a COMERCIO INTERNACIONAL | ||
| 999 | |c 17978 |d 17978 | ||
